000
00275nam a22001217a 4500
999
_c
169917
_d
169917
082
_a
_b
245
_a
Feminism and women's writing/
_c
by Nimavat B S (ed.).
260
_a
_b
Sunrise,
_c
2009.
300
_a
212p.
650
_a
700
_a
Nimavat B S (ed.)
942
_c
BK